La chica que amaba a Tom Gordon /
El mundo tenía dientes y podía morderte en cualquier momento. Trisha McFarland lo descubrió cuando tenía nueve años de edad. A las diez de una mañana de principios de junio estaba sentada en el asiento trasero del Dodge Caravan de su madre, vestida con su sudadera azul de entrenamiento de bateo de l...
Guardado en:
| Autor Principal: | |
|---|---|
| Otros Autores: | |
| Formato: | Libro |
| Publicado: |
Barcelona :
Plaza & Janes,
2000
|
| Materias: | |
| Etiquetas: |
Agregar Etiqueta
Sin Etiquetas, Sea el primero en etiquetar este registro!
|
| LEADER | 01282nam a22001935a 4500 | ||
|---|---|---|---|
| 001 | CEM.cems025031 | ||
| 008 | 251217s2000##################000#0#####d | ||
| 005 | 20251217175111.0 | ||
| 245 | 1 | 0 | |a La chica que amaba a Tom Gordon / |c Stephen King ; traducción de Eduardo G. Murillo. |
| 260 | |a Barcelona : |b Plaza & Janes, |c 2000 | ||
| 300 | |a 189 p. | ||
| 520 | |a El mundo tenía dientes y podía morderte en cualquier momento. Trisha McFarland lo descubrió cuando tenía nueve años de edad. A las diez de una mañana de principios de junio estaba sentada en el asiento trasero del Dodge Caravan de su madre, vestida con su sudadera azul de entrenamiento de bateo de los Red Sox (el que llevaba 36 Gordon estampado en la espalda), y jugaba con Mona, su muñeca. A las diez y media se había perdido en el bosque. A las once intentaba contener su terror, no pensar: Esto va en serio, esto va muy en serio. Intentaba no pensar que, en ocasiones, cuando la gente se perdía en el bosque salía gravemente perjudicada. A veces incluso moría. | ||
| 020 | |a 8401014085 | ||
| 100 | 1 | |a King, Stephen | |
| 700 | 1 | |a Murillo, Eduardo G., trad. | |
| 653 | |a Terror | ||
| 653 | |a Literatura estadounidense | ||
| 653 | |a Novela estadounidense | ||
| 859 | |a CEMS |b BIB. CEMS - 11 de abril |h 813.5 |i K587-9 |p 30581.25 |t Ej.1 | ||
